000 01348nam a2200289 i 4500
003 OSt
005 20260415121502.0
008 260415t20252023enka gr 000 0 eng d
020 _a9781399811347
_cRM 97.80
_qhardback
040 _aPPAK
_beng
_cPPAK
_erda
082 0 4 _223
_a650.1
090 0 0 _a650.1
_bGRA
_dG
100 1 _aGraaf, Roel de,
_eauthor.
245 1 0 _a180 BUSINESS HACKS :
_bLittle Changes, Big Difference /
_cRoel de Graaf.
246 3 0 _aOne hundred and eighty business hacks
246 3 0 _aHundred and eighty business hacks
264 1 _aLondon :
_bJohn Murray Business,
_c2025
264 4 _c©2023
300 _a193 pages :
_billustrations ;
_c21 cm
336 _atext
_2rdacontent
337 _aunmediated
_2rdamedia
338 _avolume
_2rdacarrier
520 _aConventional thinking will get you conventional results. Sometimes you just need a bit of inspiration. Something to help you get away from th edaily grind and see things differently. This book contains hacks to give you a different perspective at work. They're all easy to read, proven to work and might even put a smile on your face. Often the most impactful ideas are small, and, like tiny cracks, they eventually produce something bigger." --
_cPage ix
650 1 0 _aSuccess in business
650 2 0 _aPerformance.
942 _2ddc
_cB
999 _c203866
_d203866